00742cam a2200205 a 4500001000800000005001700008008004100025020002800066040001800094082002200112100002200134245005400156260005800210300001700268500011800285650002200403650002600425650001900451856006600470340116320240202020911.0890713s1990 caua b 000 0 eng  a0804717621 (alk. paper) aDLCcDLCdDLC00a303.44220bGIDD.1 aGiddens, Anthony.14aThe consequences of modernity /cAnthony Giddens. aStanford, Calif. :bStanford University Press,c1990. aix, 186 p. : aBased on the Raymond Fred West memorial lectures which the author delivered at Stanford University in April 1988. 0aSocial structure. 0aCivilization, Modern. 0aPostmodernism.42uhttp://www.loc.gov/catdir/enhancements/fy0827/89062426-d.html